VI Coloquio Nacional Universitario sobre la Comunicación Escrita /
Guardat en:
| Autor corporatiu: | |
|---|---|
| Format: | Actes de congresos Llibre |
| Idioma: | espanyol |
| Publicat: |
Chihuahua, México :
Universidad Autónoma de Chihuahua, Escuela de Filosofía y Letras,
1984, c1984
|
| Matèries: | |
| Etiquetes: |
Sense etiquetes, Sigues el primer a etiquetar aquest registre!
|
MARC
| LEADER | 00000nam^a2200000^a^4500 | ||
|---|---|---|---|
| 001 | 000004188 | ||
| 005 | 20250521000000.0 | ||
| 009 | 20260310083254.168 | ||
| 037 | |a Acervo ITESO - Biblioteca | ||
| 041 | |a ESP | ||
| 082 | |a 302. 22132 |b COL 1984 | ||
| 111 | |a Coloquio de la Comunicación Escrita ( |n 6o : |d 1984 : |c Chihuahua, México) | ||
| 245 | 1 | 0 | |a VI Coloquio Nacional Universitario sobre la Comunicación Escrita / |c Coloquio de la Comunicación Escrita ; presen. de Luis A. Nava Moreno. |
| 264 | 4 | |a Chihuahua, México : |b Universidad Autónoma de Chihuahua, Escuela de Filosofía y Letras, |c 1984, c1984 | |
| 300 | |a 381 p. | ||
| 336 | |a texto |b txt |2 rdacontenido | ||
| 337 | |a sin mediación |b n |2 rdamedio | ||
| 338 | |a volumen |b nc |2 rdasoporte | ||
| 649 | |a XX | ||
| 650 | |a Comunicación Escrita - |x Congresos | ||
| 650 | |a Escritores Españoles | ||
| 650 | |a Escritores Jaliscienses | ||
| 650 | |a Escritores Mexicanos | ||
| 650 | |a Filósofos Polacos | ||
| 650 | |a Lingüistas y Semiólogos Italianos | ||
| 650 | |a Lectores | ||
| 650 | |a Cuentos Jaliscienses - |x Historia y Crítica | ||
| 650 | |a Cuentos Mexicanos - |x Historia y Crítica | ||
| 650 | |a Literatura Jalisciense - |x Historia y Crítica | ||
| 650 | |a Literatura Jalisciense - |y Siglo XX | ||
| 650 | |a Literatura Mexicana - |x Historia y Crítica | ||
| 650 | |a Literatura Mexicana - |y Epoca Colonial, 1517-1821 | ||
| 650 | |a Literatura Mexicana - |y Siglo XX | ||
| 650 | |a Poesía Peruana - |x Historia y Crítica | ||
| 650 | |a Literatura Peruana - |x Historia y Crítica | ||
| 650 | |a Literatura Peruana - |y Siglo XX | ||
| 650 | |a Literatura Folklórica - |x Historia y Crítica | ||
| 650 | |a Surrealismo - |x Historia y Crítica | ||
| 650 | |a Literatura - |z México - |x Estudio y Enseñanza | ||
| 650 | |a Psicoanálisis y Literatura | ||
| 650 | |a Literatura y Política | ||
| 650 | |a Literatura y Sociedad | ||
| 650 | |a Semiótica y Literatura | ||
| 650 | |a Lectura - |x Metodología | ||
| 650 | |a Literatura - |x Historia y Crítica - |x Metodología | ||
| 650 | |a Literatura - |x Teoría | ||
| 650 | |a Literatura - |x Filosofía | ||
| 650 | |a Redacción | ||
| 650 | |a Traducción e Interpretación | ||
| 650 | |a Español en el Norte de México | ||
| 650 | |a Español en México | ||
| 650 | |a Español - |x Estudio y Enseñanza | ||
| 650 | |a Sintaxis | ||
| 650 | |a Sociolingüística | ||
| 650 | |a Lingüística | ||
| 650 | |a Espacio (Concepto) | ||
| 650 | |a Tiempo (Concepto) | ||
| 650 | |a Hermenéutica | ||
| 650 | |a Epistemología | ||
| 650 | |a Estudio - |x Método | ||
| 650 | |a Talleres Educativos | ||
| 650 | |a Metodología Educativa | ||
| 650 | |a Educación a Distancia | ||
| 650 | |a Educación Media Superior - |z México | ||
| 650 | |a Industria Editorial | ||
| 650 | |a Extensión Universitaria | ||
| 650 | |a Educación Superior - |z Jalapa, Veracruz | ||
| 650 | |a Educación Superior - |z México | ||
| 650 | |a Recepción y Apropiación de la Comunicación | ||
| 650 | |a Proceso de Comunicación | ||
| 650 | |a Comunicación y Política | ||
| 650 | |a Inquisición - |z Guadalajara, Jalisco - |x Historia | ||
| 650 | |a Inquisición - |z México - |x Historia | ||
| 650 | |a Guadalajara, Jalisco - |x Historia - |y Siglo XVI | ||
| 650 | |a Guadalajara, Jalisco - |x Historia - |y Virreinato, 1535-1821 | ||
| 650 | |a Guadalajara, Jalisco - |x Historia - |y Epoca Colonial, 1517-1821 | ||
| 650 | |a México - |x Historia - |y Siglo XVI | ||
| 650 | |a México - |x Historia - |y Virreinato, 1535-1821 | ||
| 650 | |a México - |x Historia - |y Epoca Colonial, 1517-1821 | ||
| 650 | |a Corvera, Juan Bautista | ||
| 650 | |a Eco, Umberto | ||
| 650 | |a Ingarden, Roman | ||
| 650 | |a Rulfo, Juan | ||
| 650 | |a Vallejo, César | ||
| 910 | |a Fondo General | ||
| 920 | |a Impresos - Libros | ||
| 930 | |a Colección General | ||
| 905 | |a 101 | ||
| 901 | |a 0041880100 |b IT1 |c ACC |i 004188 |u 20250521 | ||
| 902 | |a https://opac.biblio.iteso.mx/vufind/Record/000004188 | ||